Level of awareness on climate change among fisherfolks In Rosario, Cavite / (Record no. 3889)
[ view plain ]
| 000 -LEADER | |
|---|---|
| fixed length control field | 01257nam a22002897a 4500 |
| 003 - CONTROL NUMBER IDENTIFIER | |
| control field | OSt |
| 005 - DATE AND TIME OF LATEST TRANSACTION | |
| control field | 20250321002427.0 |
| 008 - FIXED-LENGTH DATA ELEMENTS--GENERAL INFORMATION | |
| fixed length control field | 250306b ||||| |||| 00| 0 eng d |
| 040 ## - CATALOGING SOURCE | |
| Language of cataloging | English. |
| Transcribing agency | CvSU-CCAT Campus Library. |
| Description conventions | rda. |
| 050 ## - LIBRARY OF CONGRESS CALL NUMBER | |
| Classification number | UM QC 903 |
| Item number | B84 2017 |
| 100 ## - MAIN ENTRY--PERSONAL NAME | |
| Personal name | Buenaflor, Myra B., author. |
| 9 (RLIN) | 14617 |
| 245 ## - TITLE STATEMENT | |
| Title | Level of awareness on climate change among fisherfolks In Rosario, Cavite / |
| Statement of responsibility, etc. | Myla B. Buenaflor, Herlyn J. Costelo. |
| 260 ## - PUBLICATION, DISTRIBUTION, ETC. | |
| Place of publication, distribution, etc. | Rosario, Cavite : |
| Name of publisher, distributor, etc. | Cavite State University-CCAT Campus, |
| Date of publication, distribution, etc. | 2017. |
| 300 ## - PHYSICAL DESCRIPTION | |
| Extent | vii, 47 leaves : |
| Other physical details | illustrations ; |
| Dimensions | 28 cm |
| 500 ## - GENERAL NOTE | |
| General note | Undergraduate Thesis (BSIE) -- Cavite State University-CCAT Campus, 2017. |
| 504 ## - BIBLIOGRAPHY, ETC. NOTE | |
| Bibliography, etc. note | Includes bibliographical references and appendices. |
| 546 ## - LANGUAGE NOTE | |
| Language note | In English text |
| 650 ## - SUBJECT ADDED ENTRY--TOPICAL TERM | |
| Topical term or geographic name entry element | Climate change awareness. |
| 9 (RLIN) | 15322 |
| 650 ## - SUBJECT ADDED ENTRY--TOPICAL TERM | |
| Topical term or geographic name entry element | Environmental awareness. |
| 9 (RLIN) | 15323 |
| 650 ## - SUBJECT ADDED ENTRY--TOPICAL TERM | |
| Topical term or geographic name entry element | Fisherfolk, Rosario, Cavite -- Sustainable Fishing Practices. |
| 9 (RLIN) | 15324 |
| 650 ## - SUBJECT ADDED ENTRY--TOPICAL TERM | |
| Topical term or geographic name entry element | Water temperature changes. |
| 9 (RLIN) | 15325 |
| 700 ## - ADDED ENTRY--PERSONAL NAME | |
| Personal name | Costelo, Herlyn J., author. |
| 9 (RLIN) | 14618 |
| 700 ## - ADDED ENTRY--PERSONAL NAME | |
| Personal name | Merced, Caridad S., adviser. |
| 9 (RLIN) | 10334 |
| 700 ## - ADDED ENTRY--PERSONAL NAME | |
| Personal name | Bartolome, Gee Jay, technical critic. |
| 9 (RLIN) | 15326 |
| 942 ## - ADDED ENTRY ELEMENTS (KOHA) | |
| Source of classification or shelving scheme | Library of Congress Classification |
| Koha item type | Thesis/Manuscripts/Dissertations |
| Call number prefix | UM |
| Classification part | QC 903 B84 2017 |
| Withdrawn status | Lost status | Source of classification or shelving scheme | Damaged status | Not for loan | Collection code | Home library | Current library | Shelving location | Date acquired | Coded location qualifier | Full call number | Barcode | Date last seen | Copy number | Price effective from | Koha item type |
|---|---|---|---|---|---|---|---|---|---|---|---|---|---|---|---|---|
| Library of Congress Classification | Thesis/Manuscript/Dissertation | Cavite State University - CCAT Campus | Cavite State University - CCAT Campus | TH | 08/16/2017 | UM | UM QC 903 B84 2017 | T0003531 | 10/24/2025 | 1 | 03/07/2025 | Thesis/Manuscripts/Dissertations |
